000 00445cam a2200169ua 4500
041 _aeng
_h
082 _a828.09
_bGRI/PE
100 _aGrierson, Herbert J C .
245 _aPersonal note or first and last words /
_cHerbert Grierson J C.
_hTextual Documents
250 _a1 /
_b.
260 _aLondon :
_bChatto and Windus ,
_c1946.
300 _a190 ; .
504 _a
700 1 _aWason, Sandys .
942 _cBK
999 _c3553
_d3553